000 01478nam0a22003851 4500
001 RU\NLR\INFOCOMM_116\5000062464
005 20250613090928.0
035 _a(NLR Aleph) 009084888
090 _a8005284
_c8005284
100 _a20081210d1985 |||y0rusy50 ca
101 0 _aeng
102 _aRU
105 _aa z|||000zy
181 0 _ai
_baxxe
182 0 _an
200 1 _aCluonic contributions to the exclusive amplitudes
_fV. N. Baier and A. G. Grozin
203 _aТекст
_bвизуальный
_cнепосредственный
210 _aNovosibirsk
_c[s.n.]
_d1985
215 _a15 с.
_cсхем.
_d20 см
225 1 _aPreprint
_fInst. of nuclear physics
_v85-39
300 _aВ вып. дан.: Глюонные вклады в амплитуды эксклюзивных процессов / В. Н. Байер, А. Г. Грозин
300 _aНа обл. надзаг. на рус. яз.
320 _aБиблиогр.: с. 12
517 1 _aГлюонные вклады в амплитуды эксклюзивных процессов
606 _aЭксклюзивные процессы
_2nlr_sh1
686 _aВ382.36
_2rubbk
700 1 _6z01790
_aBajer
_bV. N.
_gVladimir Nikolaevič
_4070
701 1 _aGrozin
_bA. G.
_gAndrej Gennad'evič
_4070
790 1 _6z01700
_aBaier
_bV. N.
_4070
801 1 _aRU
_bNLR
_c20081210
801 0 _aRU
_bNLR
_gPSBO
852 _aNLR
_jФз01 Д-4/2869
942 _cBOOK
980 _aNB